Comparative study of social welfare legislation in the countries of the ecafe region (Record no. 495075)

000 -LEADER
fixed length control field 00389cam a22001097a 4500
008 - FIXED-LENGTH DATA ELEMENTS--GENERAL INFORMATION
fixed length control field 180718b1973 xxu||||| |||| 00| 0 eng d
082 ## - DEWEY DECIMAL CLASSIFICATION NUMBER
Classification number Q03x5 Un3
245 ## - TITLE STATEMENT
Title Comparative study of social welfare legislation in the countries of the ecafe region
Statement of responsibility, etc. by Economic Commission, Asia
260 ## - PUBLICATION, DISTRIBUTION, ETC.
Place of publication, distribution, etc. New York
Name of publisher, distributor, etc. United Nations Publications
Date of publication, distribution, etc. 1973
300 ## - PHYSICAL DESCRIPTION
Extent 51p.
700 ## - ADDED ENTRY--PERSONAL NAME
Personal name Asia, Economic Commission
Holdings
Withdrawn status Lost status Damaged status Not for loan Permanent Location Current Location Date acquired Full call number Barcode Date last seen Price effective from Koha item type
        Indian Institute of Public Administration Indian Institute of Public Administration 2018-08-04 Q03x5 Un3 G12822 2018-08-04 2018-08-04 G

Powered by Koha